000 01043cam a22002655a 4500
001 3055103
005 20180514131848.0
008 961121s1999 enka frb 001 0 eng d
020 _a0750632666 (v. 2)
020 _a9780750632669 (v. 2)
040 _aDLC
_cDLC
_dDLC
_dEG-ScBUE
_beng
082 0 4 _a620.1123
_222
_bHEA
100 1 _aHearn, E. J.
_q(Edwin John)
245 1 0 _aMechanics of materials :
_ban introduction to the mechanics of elastic and plastic deformation of solids and structural materials /
_cE. J. Hearn.
250 _a3rd ed., Reprint ed.
260 _aOxford ;
_aBoston :
_bButterworth-Heinemann,
_c1999.
300 _av. 2 :
_bill. ;
_c25 cm.
500 _aReprinted of 1997 ed.
504 _aIncludes bibliographical references and indexes.
650 7 _aStrength of materials.
_2BUEsh
_910669
653 _bGGEN
_cMay2018
856 4 2 _3Publisher description
_uhttp://www.loc.gov/catdir/description/els032/96049967.html
856 4 1 _3Table of contents
_uhttp://www.loc.gov/catdir/toc/els032/96049967.html
942 _2ddc
999 _c26717
_d26689